Normal view
MARC view
Entry Personal Name
001 - CONTROL NUMBER
- control field: 10448
003 - CONTROL NUMBER IDENTIFIER
- control field: PK-LaUMT
005 - DATE AND TIME OF LATEST TRANSACTION
- control field: 20260406121329.0
008 - FIXED-LENGTH DATA ELEMENTS
- fixed length control field: 260406|| aca||aabn | a|a d
040 ## - CATALOGING SOURCE
- Original cataloging agency: PK-LaUMT
- Transcribing agency: PK-LaUMT
100 ## - HEADING--PERSONAL NAME
- Personal name: Mann, Jennifer
670 ## - SOURCE DATA FOUND
- Source citation: Work cat.: (PK-LaUMT)140350: Mann, Jennifer, The secret language of the body :, 2024
